000
00312nam a22001337a 4500
003
SGT
020
_a
978-2-940496-00-6
082
_a
746.92
_b
B18U
100
_a
UDALE, JENNY
245
_a
BASICS FASHION DESIGN TEXTILES AND DESIGN
260
_a
LONDON
_b
BLOOMSBURY
_c
2018
300
_a
200
942
_2
ddc
_c
BK
_0
4
999
_c
17206
_d
17206